000 00738nam a2200229Ii 4500
003 JO-AjNU
008 230605s9999||||xx |||||||||||||| ||und||
017 _a2011/2928
020 _a978-977-455-762
040 _aJO-AjNU
_bara
_erda
_cJO-AjNU
041 _aara
050 1 4 _aQA76.9 2011
100 3 _aهارفي، جريج,
_eauthor
_944459
245 0 0 _aمايكروسوفت اوفيس اكسيل2010 فورداميز
250 _aط1
264 3 1 _aالجيزة:دار الفاروق للاستثمارات ، 2011
300 _a486ص
336 _atext
_btxt
_2rdacontent
337 _aunmediated
_bn
_2rdamedia
338 _avolume
_bnc
_2rdacarrier
650 4 _aالحاسبات الالكترونية -برامج
_944460
999 _aA19199
_c22767
_d22767